Medzinárodné opatrenia na potláčanie škodlivých daňových praktík

Vplyv globalizácie a liberalizácie na škodlivé daňové praktiky. Postoj OECD k preferenčným daňovým režimom. Fórum o škodlivých daňových praktikách. Identifikácia škodlivého preferenčného daňového režimu.

Salvato in:
Dettagli Bibliografici
Autore principale: Mičko, Juraj
Natura: Capitolo di libro
Lingua:slovacco
Soggetti:
Tags: Aggiungi Tag
Nessun Tag, puoi essere il primo ad aggiungerne!!

MARC

LEADER 00000naa a2200000 4500
001 r038565
005 20230911132420.0
041 0 |a slo 
044 |a SK 
245 1 0 |a Medzinárodné opatrenia na potláčanie škodlivých daňových praktík  |c Juraj Mičko 
520 |a Vplyv globalizácie a liberalizácie na škodlivé daňové praktiky. Postoj OECD k preferenčným daňovým režimom. Fórum o škodlivých daňových praktikách. Identifikácia škodlivého preferenčného daňového režimu. 
610 2 0 |a sústava daňová 
610 2 0 |a systémy daňové 
610 2 0 |a globalizácia 
610 2 0 |a liberalizácia 
610 2 0 |a únik daňový 
610 2 0 |a offshore 
610 2 0 |a dane 
610 2 0 |a trh finančný 
610 2 0 |a legislatíva 
100 1 |a Mičko, Juraj